Biochemistry (Record no. 23371)
[ view plain ]
| 000 -LEADER | |
|---|---|
| fixed length control field | 00321nam a22001097a 4500 |
| 008 - FIXED-LENGTH DATA ELEMENTS--GENERAL INFORMATION | |
| fixed length control field | 130415b xxu||||| |||| 00| 0 eng d |
| 020 ## - INTERNATIONAL STANDARD BOOK NUMBER | |
| International Standard Book Number | 9780071083973 |
| Terms of availability | Avalable |
| 050 ## - LIBRARY OF CONGRESS CALL NUMBER | |
| Classification number | 572.0076MAN |
| Item number | 002244 |
| 245 ## - TITLE STATEMENT | |
| Title | Biochemistry |
| Statement of responsibility, etc. | Hussan Mohmmed,Saad .M Manzoul,MD |
| 250 ## - EDITION STATEMENT | |
| Edition statement | 2nd Ed |
| 260 ## - PUBLICATION, DISTRIBUTION, ETC. | |
| Place of publication, distribution, etc. | New York |
| Name of publisher, distributor, etc. | McGraw-Hill Medical |
| Date of publication, distribution, etc. | 2010 |
| Withdrawn status | Lost status | Source of classification or shelving scheme | Damaged status | Not for loan | Collection code | Permanent Location | Current Location | Shelving location | Date acquired | Total Checkouts | Barcode | Date last seen | Date last checked out | Price effective from | Koha item type |
|---|---|---|---|---|---|---|---|---|---|---|---|---|---|---|---|
| Central Library (CL) | Central Library (CL) | General Stacks | 04/15/2013 | 4 | RCMS002244 | 08/09/2019 | 07/29/2019 | 04/15/2013 | Book |
